Effective Writing (Record no. 11805)
[ view plain ]
| 000 -LEADER | |
|---|---|
| fixed length control field | 00763nam a22002417i 4500 |
| 003 - CONTROL NUMBER IDENTIFIER | |
| control field | URS |
| 005 - DATE AND TIME OF LATEST TRANSACTION | |
| control field | 20220117094757.0 |
| 008 - FIXED-LENGTH DATA ELEMENTS--GENERAL INFORMATION | |
| fixed length control field | 170131b xxu||||| |||| 00| 0 eng d |
| 020 ## - INTERNATIONAL STANDARD BOOK NUMBER | |
| International Standard Book Number | 9714204575 |
| 040 ## - CATALOGING SOURCE | |
| Description conventions | rda |
| Transcribing agency | College |
| Language of cataloging | eng |
| 050 00 - LIBRARY OF CONGRESS CALL NUMBER | |
| Classification number | PE1408 |
| Item number | Sa997 2004 |
| 100 ## - MAIN ENTRY--PERSONAL NAME | |
| Personal name | Saymo, Apolinario S., |
| Relator term | author |
| 245 ## - TITLE STATEMENT | |
| Title | Effective Writing |
| Statement of responsibility, etc. | Apolinario S. Saymo |
| 264 #1 - PRODUCTION, PUBLICATION, DISTRIBUTION, MANUFACTURE, AND COPYRIGHT NOTICE | |
| Place of production, publication, distribution, manufacture | 2004 |
| Name of producer, publisher, distributor, manufacturer | Publisher: Trinitas Publishing, inc |
| 300 ## - PHYSICAL DESCRIPTION | |
| Extent | [xii], 252 pages |
| Other physical details | illustrationss |
| Dimensions | 25.3 cm. |
| 336 ## - CONTENT TYPE | |
| Source | rda content |
| Content type term | text |
| 337 ## - MEDIA TYPE | |
| Source | rda media |
| Media type term | unmediated |
| 338 ## - CARRIER TYPE | |
| Source | rda carrier |
| Carrier type code | volume |
| 504 ## - BIBLIOGRAPHY, ETC. NOTE | |
| Bibliography, etc. note | Includes glossary, bibliography, index |
| 650 ## - SUBJECT ADDED ENTRY--TOPICAL TERM | |
| Topical term or geographic name entry element | English Language --Phetoric |
| 650 ## - SUBJECT ADDED ENTRY--TOPICAL TERM | |
| Source of heading or term | English Language -- Composition and Exercises |
| 942 ## - ADDED ENTRY ELEMENTS (KOHA) | |
| Source of classification or shelving scheme | Library of Congress Classification |
| Koha item type | Filipiniana |
| Withdrawn status | Source of classification or shelving scheme | Damaged status | Not for loan | Collection code | Home library | Current library | Shelving location | Date acquired | Total Checkouts | Full call number | Barcode | Date last seen | Price effective from | Koha item type | Copy number |
|---|---|---|---|---|---|---|---|---|---|---|---|---|---|---|---|
| Library of Congress Classification | Non-fiction | Morong College Library | Morong College Library | 10/06/2025 | GV341 .P569 2023 | URSMOR-CL-30597 | 10/06/2025 | 10/06/2025 | Filipiniana | 7 | |||||
| Library of Congress Classification | Non-fiction | Morong College Library | Morong College Library | 10/06/2025 | GV341 .P569 2023 | URSMOR-CL-30598 | 10/06/2025 | 10/06/2025 | Filipiniana | 8 | |||||
| Library of Congress Classification | Non-fiction | Morong College Library | Morong College Library | 10/06/2025 | GV341 .P569 2023 | URSMOR-CL-30599 | 10/06/2025 | 10/06/2025 | Filipiniana | 9 | |||||
| Library of Congress Classification | Non-fiction | Morong College Library | Morong College Library | 10/06/2025 | GV341 .P569 2023 | URSMOR-CL-30600 | 10/06/2025 | 10/06/2025 | Filipiniana | 10 | |||||
| Library of Congress Classification | Non-fiction | Rodriguez College Library | Rodriguez College Library | Reference | 01/31/2017 | PE1408 Sa997 2004 | URSROD-1981 | 01/31/2017 | 01/31/2017 | Filipiniana | |||||
| Library of Congress Classification | Non-fiction | Rodriguez College Library | Rodriguez College Library | Reference | 01/31/2017 | PE1408 Sa997 2004 | URSROD-1982 | 01/31/2017 | 01/31/2017 | Filipiniana | |||||
| Library of Congress Classification | Non-fiction | Rodriguez College Library | Rodriguez College Library | Reference | 01/31/2017 | PE1408 Sa997 2004 | URSROD-1977 | 01/31/2017 | 01/31/2017 | Filipiniana | |||||
| Library of Congress Classification | Non-fiction | Rodriguez College Library | Rodriguez College Library | Reference | 01/31/2017 | PE1408 Sa997 2004 | URSROD-1974 | 01/31/2017 | 01/31/2017 | Filipiniana | |||||
| Library of Congress Classification | Non-fiction | Rodriguez College Library | Rodriguez College Library | Reference | 01/31/2017 | PE1408 Sa997 2004 | URSROD-1978 | 01/31/2017 | 01/31/2017 | Filipiniana | |||||
| Library of Congress Classification | Non-fiction | Rodriguez College Library | Rodriguez College Library | Reference | 01/31/2017 | PE1408 Sa997 2004 | URSROD-1523 | 01/31/2017 | 01/31/2017 | Filipiniana | |||||
| Library of Congress Classification | Non-fiction | Rodriguez College Library | Rodriguez College Library | Reference | 01/31/2017 | PE1408 Sa997 2004 | URSROD-1722 | 01/31/2017 | 01/31/2017 | Filipiniana | |||||
| Library of Congress Classification | Non-fiction | Rodriguez College Library | Rodriguez College Library | Reference | 01/31/2017 | PE1408 Sa997 2004 | URSROD-1979 | 01/31/2017 | 01/31/2017 | Filipiniana | |||||
| Library of Congress Classification | Non-fiction | Rodriguez College Library | Rodriguez College Library | Reference | 01/31/2017 | PE1408 Sa997 2004 | URSROD-1724 | 01/31/2017 | 01/31/2017 | Filipiniana | |||||
| Library of Congress Classification | Non-fiction | Rodriguez College Library | Rodriguez College Library | Reference | 01/31/2017 | PE1408 Sa997 2004 | URSROD-1521 | 01/31/2017 | 01/31/2017 | Filipiniana | |||||
| Library of Congress Classification | Non-fiction | Rodriguez College Library | Rodriguez College Library | Reference | 01/31/2017 | PE1408 Sa997 2004 | URSROD-1976 | 01/31/2017 | 01/31/2017 | Filipiniana | |||||
| Library of Congress Classification | Non-fiction | Rodriguez College Library | Rodriguez College Library | Reference | 02/01/2017 | PE1408 Sa997 2004 | URSROD-1520 | 02/01/2017 | 02/01/2017 | Filipiniana |